LEADER 00469nab a2200145 i 4500 001 000000267245 003 CaOOAMICUS 005 20070910000000.0 008 070910n xx uu u0 0und r 013 $a11767 040 $aSeMil$bita 245 10$a[SENZA TITOLO]. - Contiene :$bSummaries [in inglese]. 500 $aJuni 2007. 773 0 $t[2007].$dLeuven : Peeters, 2007.$w()160815 996 $6245$a[SENZA TITOLO]. - Contiene :$bSummaries [in inglese].$9(OLS)http://semarc/title/354988 LEADER 00577nab a2200145 i 4500 001 000000314179 003 CaOOAMICUS 005 20180831173126.0 008 180831n xx uu u0 0und r 013 $a23266 040 $aSeMil$bita 100 1 $aStoppani, Giovanni Maria,$c.$0(OLS)http://semarc/name/716 245 13$aUn grande vescovo milanese: Mons. Luigi Bignami, in una recente biografia. 773 0 $t[Gennaio-Dicembre].$g208-210$w()274262 996 $6245$aUn grande vescovo milanese: Mons. Luigi Bignami, in una recente biografia$9(OLS)http://semarc/title/388381